[Event "SVK-chT2D 0607"]
[Site "Slovakia"]
[Date "2007.03.18"]
[Round "11.5"]
[White "Vrabel, Michal"]
[Black "Staricek, Peter"]
[Result "1/2-1/2"]
[WhiteElo "1893"]
[BlackElo "2193"]
[PlyCount "85"]
[EventDate "2006.10.14"]
[EventType "team-tourn"]
[EventRounds "11"]
[EventCountry "SVK"]
[SourceTitle "EXT 2008"]
[Source "ChessBase"]
[SourceDate "2007.11.25"]
[SourceVersion "1"]
[SourceVersionDate "2007.11.25"]
[SourceQuality "1"]
[WhiteTeam "Kosice DPMK"]
[BlackTeam "Bardejov BSK"]
[WhiteTeamCountry "SVK"]
[BlackTeamCountry "SVK"]

1. e4 d6 2. d4 Nf6 3. Nc3 c6 4. Be3 Qa5 5. f3 e5 6. Bc4 Be7 7. Nge2 0-0 8. Qd2 Nbd7 9. 0-0 Qc7 10. a4 a5 11. Rad1 Nb6 12. Bb3 Bd7 13. Kh1 Rad8 14. Rfe1 Be6 15. Bxe6 fxe6 16. dxe5 dxe5 17. Qc1 Nc4 18. Bg1 Nh5 19. b3 Na3 20. Nb1 Nxb1 21. Qxb1 b5 22. Be3 h6 23. c4 bxc4 24. bxc4 Bb4 25. Rxd8 Rxd8 26. Rd1 c5 27. Rd3 Nf6 28. Qd1 Rxd3 29. Qxd3 Qd7 30. Qb3 Qc6 31. Nc1 Nd7 32. Nd3 Qd6 33. Bf2 Nb8 34. Nxb4 axb4 35. a5 Qa6 36. Qa2 Qc6 37. h3 Na6 38. Kh2 Kf7 39. Qb2 Qa4 40. Bg3 Qxa5 41. Bxe5 g6 42. Bh8 Qc7+ 43. Be5 1/2-1/2

[Event "SVK-chT2D 0607"]
[Site "Slovakia"]
[Date "2006.10.15"]
[Round "2.3"]
[White "Staricek, Peter"]
[Black "Zahradnik, Vladimir"]
[Result "1-0"]
[WhiteElo "2193"]
[BlackElo "2011"]
[PlyCount "135"]
[EventDate "2006.10.14"]
[EventType "team-tourn"]
[EventRounds "11"]
[EventCountry "SVK"]
[SourceTitle "EXT 2008"]
[Source "ChessBase"]
[SourceDate "2007.11.25"]
[SourceVersion "1"]
[SourceVersionDate "2007.11.25"]
[SourceQuality "1"]
[WhiteTeam "Bardejov BSK"]
[BlackTeam "Presov PSK"]
[WhiteTeamCountry "SVK"]
[BlackTeamCountry "SVK"]

1. Nf3 Nf6 2. c4 b6 3. g3 Bb7 4. Bg2 e6 5. 0-0 Be7 6. b3 0-0 7. Bb2 d5 8. d3 c5 9. e3 Nbd7 10. Qe2 Qc7 11. Nc3 e5 12. Nh4 d4 13. Nb5 Qb8 14. Nf5 Re8 15. Bxb7 Qxb7 16. Nbd6 Bxd6 17. Nxd6 Qc6 18. Nxe8 Rxe8 19. e4 Qe6 20. Bc1 Qh3 21. f3 h6 22. a3 Qe6 23. b4 Rb8 24. Bd2 b5 25. cxb5 Rxb5 26. Rfc1 Qd6 27. Rc2 Rb8 28. Rac1 cxb4 29. axb4 Qa6 30. Be1 Ne8 31. Ra2 Qb7 32. Qc2 Nb6 33. b5 Nd7 34. Qc6 Qxb5 35. Qxb5 Rxb5 36. Rxa7 Nef6 37. Ra3 Nc5 38. h3 Nfd7 39. f4 f6 40. Rd1 Rb2 41. Kf1 exf4 42. gxf4 g5 43. Bg3 gxf4 44. Bxf4 Ne6 45. Bxh6 Ne5 46. Rd2 Rb1+ 47. Kg2 Kh7 48. Ra6 Nc5 49. Rxf6 Nexd3 50. Ra2 Rb7 51. Bd2 Nxe4 52. Rh6+ Kg7 53. Rh4 Ndc5 54. Bf4 Kf6 55. Bc1 Ke5 56. Ra5 Kd6 57. Ba3 Rg7+ 58. Kh2 Kc6 59. Rh6+ Kd5 60. Bxc5 Kc4 61. Bf8 Rg8 62. Rc6+ Kd3 63. Bh6 Rb8 64. Ra2 Nc3 65. Rd2+ Ke4 66. Rxd4+ Kxd4 67. Bg7+ Kd5 68. Rxc3 1-0

[Event "SVK-chT2D 0607"]
[Site "Slovakia"]
[Date "2006.10.14"]
[Round "1.3"]
[White "Staricek, Peter"]
[Black "Krajnak, Martin"]
[Result "1/2-1/2"]
[WhiteElo "2193"]
[BlackElo "2290"]
[PlyCount "77"]
[EventDate "2006.10.14"]
[EventType "team-tourn"]
[EventRounds "11"]
[EventCountry "SVK"]
[SourceTitle "EXT 2008"]
[Source "ChessBase"]
[SourceDate "2007.11.25"]
[SourceVersion "1"]
[SourceVersionDate "2007.11.25"]
[SourceQuality "1"]
[WhiteTeam "Bardejov BSK"]
[BlackTeam "Sabinov"]
[WhiteTeamCountry "SVK"]
[BlackTeamCountry "SVK"]

1. Nf3 Nf6 2. g3 d6 3. d4 Nbd7 4. Bg2 e5 5. 0-0 Be7 6. c4 c6 7. Nc3 0-0 8. Qc2 Qc7 9. b3 Re8 10. Bb2 Nf8 11. dxe5 dxe5 12. e3 Bd7 13. Rfd1 Rad8 14. h3 Bc8 15. a3 Ng6 16. b4 Rxd1+ 17. Rxd1 Rd8 18. Rxd8+ Bxd8 19. Bf1 Qe7 20. e4 h5 21. Bc1 Nh7 22. Be3 a5 23. Qd3 Bc7 24. c5 axb4 25. axb4 Qf6 26. Bd2 Ngf8 27. h4 Ne6 28. Ne2 g5 29. hxg5 Nexg5 30. Nxg5 Nxg5 31. f4 Nh3+ 32. Bxh3 Bxh3 33. Bc3 Bg4 34. fxe5 Qg5 35. Kf2 Qe7 36. Bd2 Qd8 37. Qxd8+ Bxd8 38. Bc3 Bc7 39. Nc1 1/2-1/2

[Event "SVK-chT1E 0506"]
[Site "Slovakia"]
[Date "2006.03.05"]
[Round "11"]
[White "Hlinka, Vasil"]
[Black "Staricek, Peter"]
[Result "1/2-1/2"]
[WhiteElo "2182"]
[BlackElo "2175"]
[PlyCount "29"]
[EventDate "2005.10.15"]
[EventType "team"]
[EventRounds "11"]
[EventCountry "SVK"]
[SourceTitle "EXT 2009"]
[Source "ChessBase"]
[SourceDate "2008.11.26"]
[SourceVersion "1"]
[SourceVersionDate "2008.11.26"]
[SourceQuality "1"]

1. d4 Nf6 2. c4 g6 3. Nc3 d5 4. cxd5 Nxd5 5. e4 Nxc3 6. bxc3 Bg7 7. Nf3 c5 8. Be2 0-0 9. 0-0 cxd4 10. cxd4 Bg4 11. Be3 Nc6 12. d5 Na5 13. Bd4 Bxf3 14. Bxf3 Qd6 15. Bxg7 1/2-1/2

[Event "SVK-chT1E 0506"]
[Site "Slovakia"]
[Date "2005.10.16"]
[Round "2"]
[White "Kostelny, Jozef"]
[Black "Staricek, Peter"]
[Result "0-1"]
[WhiteElo "2178"]
[BlackElo "2175"]
[PlyCount "60"]
[EventDate "2005.10.15"]
[EventType "team"]
[EventRounds "11"]
[EventCountry "SVK"]
[SourceTitle "EXT 2009"]
[Source "ChessBase"]
[SourceDate "2008.11.26"]
[SourceVersion "1"]
[SourceVersionDate "2008.11.26"]
[SourceQuality "1"]

1. d4 Nf6 2. c4 g6 3. Nc3 d5 4. Nf3 Bg7 5. Qb3 dxc4 6. Qxc4 c6 7. e4 0-0 8. Qb3 b5 9. a4 Be6 10. d5 cxd5 11. Ng5 Nc6 12. Nxe6 fxe6 13. axb5 Nd4 14. Qd1 Nxe4 15. Nxe4 dxe4 16. Be3 Rc8 17. Rc1 Qd5 18. Be2 Rxc1 19. Qxc1 Nxe2 20. Kxe2 Qxb5+ 21. Ke1 Bxb2 22. Qc2 Rd8 23. h4 Ba3 24. f3 exf3 25. gxf3 Qe5 26. Kf2 Bd6 27. f4 Rf8 28. Qc4 Qd5 29. Rc1 Qxc4 30. Rxc4 e5 0-1

[Event "SVK-chT3D 9900"]
[Site "Slovakia"]
[Date "2000.??.??"]
[Round "8"]
[White "Csala, Jan"]
[Black "Staricek, Peter"]
[Result "1/2-1/2"]
[WhiteElo "2195"]
[BlackElo "2148"]
[PlyCount "80"]
[EventDate "1999.??.??"]
[EventType "team"]
[EventRounds "11"]
[EventCountry "SVK"]
[SourceTitle "EXT 2001"]
[Source "ChessBase"]
[SourceDate "2000.11.22"]
[SourceVersion "1"]
[SourceVersionDate "2000.11.22"]
[SourceQuality "1"]

1. e4 d6 2. d4 Nf6 3. f3 Nbd7 4. Be3 e5 5. d5 Be7 6. Ne2 a5 7. Qd2 Nc5 8. Nbc3 Bd7 9. Ng3 0-0 10. Be2 Qc8 11. 0-0 Re8 12. a4 Bd8 13. Kh1 Rb8 14. b3 Ra8 15. Rae1 Qb8 16. Bc4 Na6 17. h3 Qc8 18. f4 exf4 19. Bxf4 Nb4 20. Kh2 h5 21. e5 dxe5 22. Rxe5 h4 23. Nge4 Bf5 24. Ng5 Bg6 25. Rxe8+ Nxe8 26. d6 Nf6 27. Nb5 c6 28. Nc7 Bxc7 29. dxc7 Nbd5 30. Be5 Qd7 31. Qd4 Re8 32. Nf3 b5 33. axb5 cxb5 34. Bxf6 bxc4 35. Bxg7 cxb3 36. cxb3 Re4 37. Qb2 Qxc7+ 38. Be5 Qe7 39. Kh1 f6 40. Bh2 Bh5 1/2-1/2

[Event "SVK-chT3D 9900"]
[Site "Slovakia"]
[Date "2000.??.??"]
[Round "?"]
[White "Staricek, Peter"]
[Black "Frindt, Kornel"]
[Result "1/2-1/2"]
[WhiteElo "2148"]
[BlackElo "2146"]
[PlyCount "137"]
[EventDate "1999.??.??"]
[EventType "team"]
[EventRounds "11"]
[EventCountry "SVK"]
[SourceTitle "EXT 2001"]
[Source "ChessBase"]
[SourceDate "2000.11.22"]
[SourceVersion "1"]
[SourceVersionDate "2000.11.22"]
[SourceQuality "1"]

1. e4 c5 2. Nf3 Nc6 3. Bb5 Nd4 4. Nxd4 cxd4 5. c3 Qb6 6. Qe2 e6 7. 0-0 Ne7 8. a4 a6 9. Bc4 Nc6 10. Na3 Ne5 11. cxd4 Qxd4 12. d3 Qa7 13. Qh5 d6 14. Be3 Qb8 15. d4 g6 16. Qe2 Nd7 17. f4 Bg7 18. f5 exf5 19. exf5 0-0 20. fxg6 hxg6 21. Bxf7+ Rxf7 22. Rxf7 Kxf7 23. Qc4+ Kf8 24. Rf1+ Nf6 25. Bg5 Bf5 26. Bxf6 Bxf6 27. g4 Qe8 28. gxf5 Qe3+ 29. Kg2 Qe4+ 30. Rf3 gxf5 31. Qc2 Ke7 32. Qxe4+ fxe4 33. Re3 d5 34. Nc2 Rc8 35. Rc3 Rg8+ 36. Rg3 Rf8 37. Rb3 Rb8 38. Kf1 b5 39. axb5 Rxb5 40. Rxb5 axb5 41. Ke2 Ke6 42. b3 Bg5 43. Na3 b4 44. Nc2 Be7 45. Kf2 Bh4+ 46. Kg2 Be7 47. Kg3 Bd6+ 48. Kg4 Bxh2 49. Nxb4 Kd6 50. Nc2 Kc6 51. Kf5 Kd6 52. b4 Bg1 53. Kf4 Bh2+ 54. Kf5 Bg1 55. Kf4 Ke6 56. b5 Bh2+ 57. Kg4 Bc7 58. Kg5 Ba5 59. Kg4 Bc7 60. Ne3 Bb6 61. Nc2 Ba5 62. Kf4 Bd2+ 63. Kg4 Kd6 64. Kf5 e3 65. b6 Kc6 66. Ke5 e2 67. b7 e1Q+ 68. Nxe1 Bxe1 69. b8N+ 1/2-1/2

[Event "Presov op"]
[Site "Presov"]
[Date "2000.??.??"]
[Round "1"]
[White "Staricek, Peter"]
[Black "Hasangatin, Ramil"]
[Result "0-1"]
[WhiteElo "2155"]
[BlackElo "2480"]
[PlyCount "88"]
[EventDate "2000.08.??"]
[EventType "swiss"]
[EventRounds "9"]
[EventCountry "SVK"]
[SourceTitle "EXT 2001"]
[Source "ChessBase"]
[SourceDate "2000.11.22"]
[SourceVersion "1"]
[SourceVersionDate "2000.11.22"]
[SourceQuality "1"]

1. Nf3 d5 2. g3 c6 3. Bg2 Bf5 4. d3 Nf6 5. Nbd2 e6 6. 0-0 h6 7. c4 Nbd7 8. b3 Be7 9. Bb2 0-0 10. a3 a5 11. cxd5 cxd5 12. Nd4 Bh7 13. Nb5 Nc5 14. Nf3 Qb6 15. a4 Rfc8 16. Ba3 Qd8 17. Bh3 Na6 18. Bb2 Nb4 19. Nfd4 Bg6 20. Rc1 Nc6 21. Rc2 Bh5 22. f3 Bg6 23. Kh1 Ne8 24. e4 Bf6 25. Nxe6 fxe6 26. Bxe6+ Bf7 27. Bxc8 Rxc8 28. Bxf6 Nxf6 29. Rd2 Qf8 30. Rb2 Re8 31. Qd2 Bg6 32. Kg1 Rd8 33. Qc3 Kh7 34. Re2 Nb4 35. Rd2 Rc8 36. Qd4 Nc6 37. Qe3 Qb4 38. Rb1 Ne5 39. Rf2 Rd8 40. Qe2 dxe4 41. dxe4 Rd2 42. Qe1 Bxe4 43. fxe4 Nfg4 44. Qxd2 Nf3+ 0-1

[Event "Presov op"]
[Site "Presov"]
[Date "1999.??.??"]
[Round "8"]
[White "Staricek, Peter"]
[Black "Marek, Stanislav"]
[Result "1/2-1/2"]
[WhiteElo "2119"]
[BlackElo "2218"]
[PlyCount "37"]
[EventDate "1999.08.??"]
[EventType "swiss"]
[EventRounds "9"]
[EventCountry "SVK"]
[SourceTitle "EXT 2000"]
[Source "ChessBase"]
[SourceDate "1999.11.16"]
[SourceVersion "1"]
[SourceVersionDate "1999.11.16"]
[SourceQuality "1"]

1. Nf3 Nf6 2. g3 d5 3. Bg2 c6 4. 0-0 Bg4 5. h3 Bh5 6. d3 e6 7. Nbd2 Nbd7 8. e4 Bc5 9. Qe2 Qc7 10. Kh1 0-0 11. g4 dxe4 12. dxe4 Bg6 13. Nh4 Bd6 14. Nxg6 hxg6 15. Nc4 Bf4 16. Bxf4 Qxf4 17. Qe3 Qxe3 18. Nxe3 Nb6 19. Rfd1 1/2-1/2